| 000 | 00583nam a2200217 4500 | ||
|---|---|---|---|
| 003 | OSt | ||
| 005 | 20240621030711.0 | ||
| 006 | a | ||
| 008 | 240621b |||||||| |||| 00| 0 eng d | ||
| 020 | _a9718740716 | ||
| 040 |
_aDWCL-Main lib. _cOC |
||
| 082 | _aFil. 516 Al386m 2007 | ||
| 100 | _aLambino, Alvin E. | ||
| 245 | _aMSA Geometry / | ||
| 260 |
_aQuezon City: _bMSA Pub. House, _cc2007. |
||
| 300 |
_b359 p. : ill. ; _c28 cm. |
||
| 504 | _aIncludes index. | ||
| 650 | _a1. Geometry. | ||
| 650 | _a2. Geometry-Problems, exercises, etc. | ||
| 942 |
_2ddc _n0 _cBK - FIL _kFil. |
||
| 999 |
_c1058 _d1058 |
||